000 00696nam a2200265Ia 4500
003 OSt
005 20221006142653.0
006 a|||||r|||| 00| 0
007 ta
008 221006b |||||||| |||| 00| 0 eng d
020 _c
_5.20
024 _a6,901
037 _cTextual
040 _aEASL
_cEASL
_beng
041 _2eng
_aeng
082 _aY:351.41aM, L4
100 _aEBERHARD Wolfram
_9109784
245 0 _aChinese fables & parables
_b A catalogus
260 _aTaiwan
_bChinese Association for Folkore
_c1974
300 _a166p.
_ccm.
490 _v CEL
650 _aCEL
942 _hY:351.41aM, L4
_cTEXL
_2CC
999 _c1074987
_d1074987